Knihovna vypůjčených srdcí /

Romantický příběh vypráví o neohrožené Chloe, která se sama stará o své tři mladší sourozence. Rozhodně to nemá jednoduché. Přesto ji čeká jedno velké překvapení, které jí změní život.

Uloženo v:
Hlavní autor: Gilmore, Lucy (Autor)
Další autoři: Limrová, Karolina, 1979- (Autor)
Médium: Kniha
Jazyk:Czech
Vydáno: Praha : Dobrovský s.r.o., 2026
Edice:Kontrast
Témata:
Celkem bylo vypůjčeno:1x
Tagy:
Žádné tagy
LEADER 02449nam a2200409 i 4500
001 106444
003 CZ PrSKC
005 20260602125300.0
007 ta
008 260408s2026 xr g 000 f cze
015 |a cnb003750231 
020 |a 9788027744435  |q (vázáno) :  |c Kč 499,00 
040 |a ABG001  |b cze  |e rda 
041 1 |a cze  |h eng 
072 7 |a 821.111(73)-3  |x Americká próza  |2 Konspekt  |9 25 
080 |a 821.111(73)-31  |2 MRF 
080 |a (0:82-31)  |2 MRF 
100 1 |a Gilmore, Lucy  |7 xx0323098  |4 aut  |9 115764 
240 1 0 |a Library of borrowed hearts.  |l Česky 
245 1 0 |a Knihovna vypůjčených srdcí /  |c Lucy Gilmore ; přeložila Karolina Limrová 
264 1 |a Praha :  |b Dobrovský s.r.o.,  |c 2026 
300 |a 357 stran ;  |c 21 cm 
336 |a text  |b txt  |2 rdacontent 
337 |a bez média  |b n  |2 rdamedia 
338 |a svazek  |b nc  |2 rdacarrier 
490 1 |a Kontrast 
500 |a Přeloženo z angličtiny 
520 2 |a Romantický příběh vypráví o neohrožené Chloe, která se sama stará o své tři mladší sourozence. Rozhodně to nemá jednoduché. Přesto ji čeká jedno velké překvapení, které jí změní život.  |b Chloe Sampsonová to nemá lehké: stará se o tři mladší sourozence, hledá své pravé já a snaží se vydělat dost na to, aby měli z čeho žít. Už se zdá, že se ocitla v koncích, když ve sklepení knihovny, kde pracuje, najde velmi vzácnou starou knihu. K jejímu úžasu se vzápětí na prahu jejího domu objeví věčně nabručený samotářský soused a nabídne jí za ni doslova majlant. Když si ji Chloe prohlédne podrobněji, zjistí, že si na okrajích stránek dva mladí milenci kdysi nechávali vzkazy. Chloe nedokáže záhadě odolat a rozhodne se jí přijít na kloub. S nadšením zjišťuje, že to nebyla jediná kniha plná romantických vzkazů. Čím hlouběji se však do dechberoucí honby za pokladem noří, tím víc otázek vyvstává. Nakladatelská anotace. Kráceno. 
655 7 |a americké romány  |7 fd131796  |2 czenas  |9 53403 
655 9 |a American fiction  |2 eczenas 
700 1 |a Limrová, Karolina,  |d 1979-  |7 xx0134716  |4 trl  |9 13022 
710 2 |a Dobrovský (firma)  |7 olak2017946581  |4 pbl  |9 117120 
830 0 |a Kontrast 
910 |a UOG502 
942 |2 ddc  |c KN 
999 |d 106444 
993 |0 0  |1 421180107158  |2 ddc  |4 0  |7 0  |9 99871  |b 0  |c 107158  |d 2026-06-02  |e 1  |f DOSP  |h 499.00  |i Koupě  |l DOSP  |q 2026-07-15  |r 2026-06-03  |s 2026-06-03  |t 6  |w 2026-06-02  |y KN  |z BELET  |n